Quotations for all occasions / (Record no. 27206)

MARC details
000 -LEADER
fixed length control field 00820nam a22002177a 4500
005 - DATE AND TIME OF LATEST TRANSACTION
control field 20090604120151.0
008 - FIXED-LENGTH DATA ELEMENTS--GENERAL INFORMATION
fixed length control field 090604t xxu||||| |||| 00| 0 eng d
010 ## - LCCN (DPL NO)
LC control number ENG-93880
020 ## - INTERNATIONAL STANDARD BOOK NUMBER
International Standard Book Number 9788179662427
Terms of availability 80.00
035 ## - SYSTEM CONTROL NUMBER
System control number EN-77413
037 ## - SOURCE OF ACQUISITION
Source of stock number/acquisition DBAD / PUB
040 ## - CATALOGING SOURCE
Original cataloging agency dpl
Language of cataloging English
082 ## - DEWEY DECIMAL CLASSIFICATION NUMBER
Classification number 808.882
245 ## - TITLE STATEMENT
Title Quotations for all occasions /
Statement of responsibility, etc compiled by Mira Balachandran
260 ## - PUBLICATION, DISTRIBUTION, ETC. (IMPRINT)
Place of publication, distribution, etc Chennai
Name of publisher, distributor, etc Emerald Publishers
Date of publication, distribution, etc 2009
270 ## - ADDRESS
Address 15A, First Floor, Casa Major Road, Egmore,
City Chennai
Postal code 600008
300 ## - PHYSICAL DESCRIPTION
Extent 144p.
Dimensions 22cm(pbk)
700 ## - ADDED ENTRY--PERSONAL NAME
Personal name Balachandran, Mira
942 ## - ADDED ENTRY ELEMENTS (KOHA)
Source of classification or shelving scheme Dewey Decimal Classification
Item type English Books
Call number suffix QUO
Classification part 808.882
Holdings
Withdrawn status Lost status Source of classification or shelving scheme Damaged status Not for loan Collection code Home library Current library Date acquired Source of acquisition Cost, normal purchase price Total Checkouts Full call number Barcode Date last seen Copy number Cost, replacement price Koha item type
    Dewey Decimal Classification   Not For Loan Non-fiction D.B.Act.Division D.B.Act.Division 04/06/2009 DBAD / PUB 80.00   808.882 QUO EN-77413 04/06/2009 1 80.00 English Books

© Delhi Public Library
Hit Counter
free hit counter